02469cam a22003495a 4500001001000000003000400010005001700014008004100031020001800072020001500090040004000105082002100145245008800166250002400254260005000278300002900328500002700357500002400384504004100408505108600449590001101535650008801546650004801634651001001682653002401692690004401716700003301760942002501793999001701818952014201835952014201977017049472OSt20161024113425.0150206t2016 enka frbd 001 0 eng d a9781292065571 a1292065575 aStDuBDSbengcStDuBDSdUkdEG-ScBUE04222a658.153bTAX00aTaxes and business strategy :ba planning approach /cMyron S. Scholes ... [et al.] a5th ed., Global ed. aHarlow :bPearson Education Limited,cc.2016. a528 p. :bill. ;c26 cm. aGlossary : p. 506-516. aIndex : p. 517-528. aIncludes bibliographical references. aChapter 1 Introduction to Tax Strategy -- Chapter 2 Tax Planning Fundamentals -- Chapter 3 Returns on Alternative Savings Vehicles -- Chapter 4 Choosing the Optimal Organizational Form -- Chapter 5 Implicit Taxes and Clienteles, Arbitrage, Restrictions, and Frictions -- Chapter 6 Nontax Costs of Tax Planning -- Chapter 7 The Importance of Marginal Tax Rates and Dynamic Tax Planning Considerations -- Chapter 8 Compensation Planning -- Chapter 9 Pension and Retirement Planning -- Chapter 10 Multinational Tax Planning: Introduction and Investment Decisions -- Chapter 11 Multinational Tax Planning: Foreign Tax Credit Limitations and Income Shifting -- Chapter 12 Corporations: Formation, Operation, Capital Structure, and Liquidation -- Chapter 13 Introduction to Mergers, Acquisitions, and Divestitures -- Chapter 14 Taxable Acquisitions of Freestanding C Corporations -- Chapter 15 Taxable Acquisitions of S Corporations -- Chapter 16 Tax-Free Acquisitions of Freestanding C Corporations -- Chapter 17 Tax Planning for Divestitures -- Chapter 18 Estate and Gift Tax Planning aWessam 7aBusiness enterprisesxTaxation xLaw and legislation zUnited States.2BUEsh941609 7aTax planning zUnited States.2BUEsh941610 2BUEsh bBUSADMcOctober20167 aManagement and Business Studies2blcoll1 aScholes, Myron S.‏ 941611 2ddce22k658.153 TAX c22796d22768 00102ddc40708BaccahaMAINbMAINc1STd2016-10-23ePurchaseg480.00h25846l0o658.153 TAXp000034453r2025-07-15 00:00:00v600.00yBB 00102ddc40708BaccahaMAINbMAINc1STd2016-10-24ePurchaseg480.00h25846l0o658.153 TAXp000034229r2025-07-15 00:00:00v600.00yBB